Le personnage principal de chaque long-métrage du studio Ghibli - Statistiques

Statistiques générales
  • Ce quiz a été pris 30 fois
  • Le résultat moyen est 12 sur 26
Statistiques - réponses
Film Personnage principal % Correct
Le Voyage de Chihiro Chihiro
96%
Nausicaa de la Vallée du Vent Nausicaa
93%
Kiki la petite sorcière Kiki
89%
Ponyo sur la falaise Ponyo
86%
Porco Rosso Porco Rosso
86%
Arrietty: Le Petit Monde des Chapardeurs Sho
82%
Aya et la Sorcière Aya
75%
Le Conte de la princesse Kaguya Kaguya
75%
Souvenirs de Marnie Anna
71%
Princesse Mononoké Ashitaka
71%
Le Château ambulant Sophie
71%
Mon Voisin Totoro Satsuki
61%
Le Château dans le ciel Sheeta
57%
Le Château de Cagliostro Edgar de la Cambriole
46%
Le Royaume des chats Haru
32%
Le Tombeau des lucioles Seita
32%
Le Garçon et le Héron Mahito
25%
Le vent se lève Jiro
21%
La Colline aux coquelicots Umi
21%
Les Contes de Terremer Arren
18%
Si tu tends l'oreille Shizuku
11%
La Tortue rouge Le naufragé
7%
Pompoko Shokichi
7%
Mes voisins les Yamada Nonoko
4%
Souvenirs goutte à goutte Taeko
4%
Je peux entendre l'océan Taku
4%
Aucun quiz correspondant
Distribution des résultats
% des personnes avec chaque résultat
Percentile par nombre de réponses
Votre historique - résultats
Vous n’avez pas pris ce quiz